|
|
|
|
| LEADER |
01527nam a2200301 a 4500 |
| 001 |
837573 |
| 008 |
091103s1993 enk b 001 0 eng d |
| 999 |
|
|
|c 8037
|d 8037
|
| 010 |
|
|
|a 77375215
|
| 020 |
|
|
|a 9840512110
|
| 020 |
|
|
|a 0903983818 :
|c £8.50
|
| 040 |
|
|
|a DLC
|c DLC
|d DLC
|d DB-DhAAL
|
| 082 |
0 |
0 |
|a 338.9549/2
|2 19
|
| 100 |
1 |
|
|a Islam, Nurul,
|d 1929-
|9 5530
|
| 240 |
1 |
0 |
|a Development strategy of Bangladesh
|
| 245 |
1 |
0 |
|a Development planning in Bangladesh :
|b a study in political economy /
|c Nurul Islam.
|
| 260 |
|
|
|a London ;
|a Dhaka :
|b University press ;
|b C. Hurst,
|c 1993
|
| 300 |
|
|
|a xiii, 267 pages ;
|c 22 cm.
|
| 500 |
|
|
|a American ed. published under title: Development strategy of Bangladesh.
|
| 504 |
|
|
|a Includes bibliographical references and index.
|
| 541 |
1 |
|
|a Complimentary copy from BIED
|e 00005260, 37855
|
| 651 |
|
0 |
|a Bangladesh
|x Economic policy.
|9 5531
|
| 651 |
|
0 |
|a Bangladesh
|x Social policy.
|9 5532
|
| 852 |
4 |
|
|a Ayesha Abed Library
|j General Shelf.
|
| 942 |
|
|
|2 ddc
|c BK
|
| 952 |
|
|
|0 0
|1 0
|2 ddc
|4 0
|6 338_954920000000000_ISL_1993
|7 0
|9 9111
|a BRACUL
|b BRACUL
|c GEN
|d 2010-04-08
|g 260.00
|l 1
|m 1
|o 338.95492 ISL
|p 3010005260
|r 2012-05-31
|s 2012-05-23
|t 1
|w 2010-04-08
|y BK
|
| 952 |
|
|
|0 0
|1 0
|2 ddc
|4 0
|6 338_954920000000000_ISL_1993
|7 0
|9 43473
|a IGS
|b IGS
|c GEN
|d 2014-08-28
|l 0
|o 338.95492 ISL
|p 3010016721
|r 2014-08-28
|t 2
|w 2014-08-28
|y BK
|
| 952 |
|
|
|0 0
|1 0
|2 ddc
|4 0
|6 338_954920000000000_ISL
|7 0
|9 69901
|a BRACUL
|b BRACUL
|c GEN
|d 2022-02-27
|l 0
|o 338.95492 ISL
|p 3010037855
|r 2022-02-27
|t 3
|w 2022-02-27
|y BK
|x Transferred from BIED to General Stacks
|